Norwegen-Quiz - Statistiken

Allgemein
  • Dieses Quiz wurde 4.526 mal gespielt
  • Das Durchschnittsergebnis liegt bei 12 aus 24
Antwortstatistiken
Frage Antwort % Korrekt
Hauptstadt Oslo
100%
Nachbarland Schweden
94%
Nachbarland Finnland
93%
Nachbarland Russland
89%
Meer zwischen Großbritannien und Norwegen Nordsee
83%
Sportart, die Skilanglauf und Schießen vereint Biathlon
81%
Begriff für ein langer, schmaler Meeresarm Fjord
80%
Norwegen ist eines der besten Orte, um diese Naturphänomene zu betrachten, auch als Aurora borealis bekannt Polarlichter
74%
Zweitgrößte Stadt Bergen
73%
Selbstverwaltete Inselgruppe im arktischen Ozean Spitzbergen
53%
Gründer der ersten skandinavischen Siedlung in Grönland {Erik} der Rote
44%
Erste Person auf dem Südpol Roald Amundsen
41%
Symbolischer Maler von "Der Schrei" Edvard Munch
40%
Gastgeberstadt der Olympischen Winterspiele 1994 Lillehammer
39%
Am meisten verbreiteten Nachnamen {Ol}sen
38%
Am meisten verbreiteten Nachnamen {Han}sen
34%
Nördlichste Stadt der Welt (Mindestbevölkerung 10'000) Hammerfest
30%
Name der Hauptstadt vor 1924 Christiania
24%
Am meisten verbreiteten Nachnamen {Johan}sen
24%
Am meisten verbreiteten Nachnamen {Ander}sen
21%
Am meisten verbreiteten Nachnamen {Lar}sen
16%
Autor von "Nora oder ein Puppenheim" Henrik Ibsen
15%
Traditionelles Gericht aus in Lauge gewässertem Fisch Lutefisk
7%
Dreifache Olympia-Siegerin im Eiskunstlaufen Sonja Henie
6%
Keine übereinstimmenden Quizze gefunden
Verteilung der Resultate
Anzahl Personen mit jedem Resultat
Perzentil nach korrekt beantworteten Fragen
Ihre Resultats-Entwicklung
Sie haben dieses Quiz noch nicht gespielt